000 00504nam a2200193Ia 4500
005 20140403090254.0
008 140130s9999 xx 000 0 und d
020 _a0439065089
050 _aPZ 7
_b.V2857Saqm 1999
100 _aDraanen, Wendelin Van
_931285
245 _cWendelin Van Draanen.
_aSammy Reyes and the skeleton /
260 _bScholastic,
_c1999.
_aUSA :
300 _a172 p. :
_c24 cm.
440 _v1
_931174
521 _aG7
526 _c890
942 _cBK
_2lcc
999 _c41265
_d41265